[Event "Asian Amateur-ch"]
[Site "Zhengzhou"]
[Date "2019.01.05"]
[Round "9"]
[White "Danzanjunai, Ganbat"]
[Black "Lim, Kian Hwa"]
[Result "1/2-1/2"]
[WhiteElo "1462"]
[BlackElo "1713"]
[PlyCount "116"]
[EventDate "2018.12.31"]
[EventType "swiss"]
[EventRounds "9"]
[EventCountry "CHN"]
[SourceTitle "CBM 188 Extra"]
[Source "ChessBase"]
[SourceDate "2019.02.26"]
[SourceVersion "1"]
[SourceVersionDate "2019.02.26"]
[SourceQuality "1"]

1. d4 d5 2. Bf4 Nf6 3. e3 e6 4. Nf3 Nbd7 5. Nbd2 Be7 6. h3 0-0 7. Bd3 b6 8. Bh2 Bb7 9. 0-0 c5 10. c3 c4 11. Bc2 b5 12. Ne5 Ne4 13. f3 Nxd2 14. Qxd2 Nf6 15. Rae1 a5 16. Re2 Ra6 17. Qe1 Rb6 18. e4 b4 19. Ba4 bxc3 20. bxc3 Qa8 21. Nd7 Nxd7 22. Bxd7 Bc6 23. Bxc6 Qxc6 24. exd5 Qxd5 25. Re5 Qa8 26. Re2 Bd6 27. Bxd6 Rxd6 28. Rb2 Rb8 29. Qe2 Rxb2 30. Qxb2 g6 31. Rb1 Qd5 32. Qb8+ Rd8 33. Qb5 Kg7 34. Qxd5 Rxd5 35. f4 g5 36. fxg5 Rxg5 37. Kf2 Rf5+ 38. Ke3 Rg5 39. g4 h5 40. Kf4 Kg6 41. Rb6 hxg4 42. hxg4 Kf6 43. a4 Rg8 44. Rb5 Rh8 45. Rc5 Rh1 46. g5+ Kg6 47. Ke3 Ra1 48. Rxa5 Ra3 49. Kd2 Ra2+ 50. Kc1 Ra3 51. Kb2 Rb3+ 52. Kc2 Ra3 53. Kd2 Ra2+ 54. Ke3 Rc2 55. d5 exd5 56. Rxd5 Rxc3+ 57. Kd4 Ra3 58. a5 c3 1/2-1/2